000 00621cab a2200217 4500
001 ABS45821
008 090401t1992 xxu||||| |||| 00| 0 eng d
035 _a(Sirsi) u55239
041 _aeng
100 _aBrooking, C.
245 _aWindows weathering time
260 _c1992
350 _a0
490 _aCountry Life
_v186(8) 20 February 1992, 50-51(2)
520 _aOutlines the history of windows in English houses and gives some advice on how they can be repaired.
650 _aREPAIRS
650 _aSASH WINDOWS
690 _aBUILT ENVIRONMENT-CONSTRUCTION DESIGN
942 _n0
948 _c04/03/1997
999 _c33745
_d33745